000
nam a22 7a 4500
999
_c
40438
_d
40438
003
OSt
005
20170829121417.0
008
170829b xxu||||| |||| 00| 0 eng d
040
_c
SEROSOFT
100
_a
TORTORA, GERARD
245
_a
ANATOMY & PHYSIOLOGY
260
_a
DELHI
_b
WILLY
_c
2016
300
_a
1000
942
_2
ddc
_c
01